| 000 | 00753nac a22002051u 4500 | ||
|---|---|---|---|
| 010 | _a 72181998 | ||
| 020 | _a0117005304 | ||
| 082 | 0 | 0 |
_a658.83 _bROE |
| 090 |
_c6836 _d6836 |
||
| 100 | _aRoe, Michael | ||
| 110 | 2 | _aEconomic Development Committee for the Mechanical Engineering Industry. | |
| 245 | 1 | 0 |
_aMarket research in action: _ba guide for company management./ _cMichael Roe |
| 260 |
_aLondon, _bH.M.S.O.,1971 _c1971. |
||
| 300 |
_a260 p.: _bill; _c30 cm. |
||
| 500 | _adistributer: Al-Ahram | ||
| 511 | _acatalogued by: wessam | ||
| 650 | 0 | _aMarketing research. | |
| 942 |
_cBB _k658.83ROE |
||
| 999 |
_c6836 _d6836 |
||